Derecho y medio ambiente / (Registro nro. 19010)

Detalles MARC
000 -CABECERA
Campo de control 00929cam a2200253 a 4500
005 - FECHA Y HORA DE LA ULTIMA TRANSACCION
Campo de control 20191224042310.0
008 - ELEMENTOS DE LONGITUD FIJA—INFORMACION GENERAL
Campo de control 930416s1992 ck r 00010 spa d
020 ## - ISBN
ISBN 9589061664
040 ## - FUENTE DE CATALOGACIÓN
Agencia catalogadora original la
Agencia transcriptora la
Agencia Modificadora CO-BoIAVH
041 0# - IDIOMA
Código de idioma para texto/pista de sonido o título separado Español
044 ## - PAÍS DE PUBLICACIÓN
País de publicación Colombia
082 04 - NUMERO DE CLASIFICACION DECIMAL DEWEY
Número de clasificación 363.70062
Número del ítem D43m
245 00 - MENCION DE TITULO
Título Derecho y medio ambiente /
Mención de responsabilidad ditado por Marta Cárdenas y Hernán Darío Correa C.
260 ## - PUBLICACION, DISTRIBUCION, ETC. (PIE DE IMPRENTA)
Lugar de publicación, distribución, etc. Bogotá :
Nombre del editor, distribuidor, etc. Corporación Ecológica y Cultural Penca de Sábila :
-- Fescol :
-- Cerec,
Fecha de publicación, distribución, etc. 1992.
300 ## - DESCRIPCION FISICA
Extensión 298 páginas ;
Dimensiones 21 x 14 cm.
650 26 - ASIENTO SECUNDARIO DE MATERIA - TERMINO TEMATICO
Término temático o nombre geográfico como elemento de entrada Control ambiental
Subdivisión geográfica Colombia
9 (RLIN) 76089
650 26 - ASIENTO SECUNDARIO DE MATERIA - TERMINO TEMATICO
Término temático o nombre geográfico como elemento de entrada Medio ambiente
Subdivisión geográfica Colombia
9 (RLIN) 76090
650 26 - ASIENTO SECUNDARIO DE MATERIA - TERMINO TEMATICO
Término temático o nombre geográfico como elemento de entrada Política ambiental
Subdivisión geográfica Colombia
9 (RLIN) 76091
650 26 - ASIENTO SECUNDARIO DE MATERIA - TERMINO TEMATICO
Término temático o nombre geográfico como elemento de entrada Protección ambiental
Subdivisión geográfica Colombia
9 (RLIN) 76092
650 26 - ASIENTO SECUNDARIO DE MATERIA - TERMINO TEMATICO
Término temático o nombre geográfico como elemento de entrada Legislación medioambiental
Subdivisión geográfica Colombia
9 (RLIN) 76093
700 1# - ASIENTO SECUNDARIO - NOMBRE PERSONAL
Nombre personal Cárdenas, Martha
Término de relación editora
9 (RLIN) 13582
700 1# - ASIENTO SECUNDARIO - NOMBRE PERSONAL
Nombre personal Correa C., Hernán Darío
Término de relación editor
9 (RLIN) 10905
942 ## - ELEMENTOS ADICIONALES (KOHA)
Sistema de clasificación Dewey Decimal Classification
Tipo de ítem Libro
Existencias
Withdrawn status Lost status Sistema de Clasificación Damaged status No para préstamo Colección Inventariado Ubicación Permanente Ubicación actual Fecha de adquisición Fuente de Valor Total Checkouts Número topográfico Inventario / Código de Barras Date last seen Ejemplar Price effective from Forma de adquisición Tipo de material
    Dewey Decimal Classification     General Inventariado 2017 Sala Fabio Quevedo Sala Fabio Quevedo 09/08/2004 Librería Nacional   LB-363.70062 D43m 022969 04/12/2012 Ej. 1 04/12/2012 Donación Libro